| 000 | 00730cab a2200265 4500 | ||
|---|---|---|---|
| 001 | ABS43741 | ||
| 008 | 090401t1990 xxu||||| |||| 00| 0 eng d | ||
| 035 | _a(Sirsi) u43298 | ||
| 041 | _aeng | ||
| 100 | _aGay, S. | ||
| 245 | _aThose exclusive islands | ||
| 260 | _c1990 | ||
| 350 | _a0 | ||
| 490 |
_aValuer (ISVA) _v) 59 (9) November 1990, 16-17(2) |
||
| 520 | _aExplains the complexities of property law in the Channel Islands and the restriction of property ownership for non-residents . | ||
| 650 | _aGUERNSEY | ||
| 650 | _aJERSEY | ||
| 650 | _aLEASING | ||
| 650 | _aOPEN MARKET | ||
| 650 | _aTAXATION | ||
| 690 | _aPROPERTY LAW AND PRACTICE | ||
| 700 | _aShields, C. | ||
| 942 | _n0 | ||
| 948 | _c04/03/1997 | ||
| 999 |
_c27671 _d27671 |
||